[Event "NCL978 BCM-NW Eagles"]
[Site "Rd3"]
[Date "1997.11.22"]
[Round "3.3"]
[White "Mestel, Jonathan"]
[Black "Lund, Brett"]
[Result "1-0"]
[WhiteElo "2500"]
[BlackElo "2285"]
[PlyCount "68"]
[EventDate "1997.11.22"]
[Source "4NCL"]
[SourceDate "1998.01.01"]

1. e4 c5 2. Nf3 e6 3. d4 cxd4 4. Nxd4 a6 5. c4 Nf6 6. Nc3 Qc7 7. Bd3 Nc6 8. Bc2
Nxd4 9. Qxd4 Bc5 10. Qd1 h6 11. O-O d6 12. Bf4 e5 13. Ba4+ Kf8 14. Bd2 Bg4 15.
Qc2 Rc8 16. Rac1 g5 17. Qd3 Nh5 18. Nd5 Qd8 19. b4 Bd4 20. Bd1 Bxd1 21. Rfxd1
Kg7 22. Be3 Bxe3 23. Nxe3 Nf4 24. Nf5+ Kh7 25. Qe3 Rc6 26. g3 Ne6 27. c5 Qc7
28. cxd6 Qd7 29. Qf3 Nd8 30. Qh5 Qe6 31. Rxc6 Nxc6 32. d7 Nd4 33. Nxd4 exd4 34.
Rxd4 Qxa2 1-0

[Event "NCL978 BCM-NW Eagles"]
[Site "Rd3"]
[Date "1997.11.22"]
[Round "3.5"]
[White "Giddins, Steve"]
[Black "Smith, Alan A"]
[Result "0-1"]
[WhiteElo "2375"]
[BlackElo "2235"]
[PlyCount "58"]
[EventDate "1997.11.22"]
[Source "4NCL"]
[SourceDate "1998.01.01"]

1. Nf3 b6 2. e4 Bb7 3. Nc3 e6 4. d4 Bb4 5. Bd3 Nf6 6. Qe2 d5 7. exd5 Nxd5 8.
Bd2 Nxc3 9. bxc3 Be7 10. O-O O-O 11. Ne5 Nd7 12. Bf4 Nf6 13. Rfe1 c5 14. Rad1
cxd4 15. cxd4 Bb4 16. Rf1 Qd5 17. Nf3 Bc3 18. Be5 Rac8 19. Qe3 Ne4 20. h3 f6
21. Bh2 Rfd8 22. Qf4 Ng5 23. Be2 Nf7 24. Bd3 Qxa2 25. Rb1 Ba6 26. Bxa6 Qxa6 27.
Qe3 Qc4 28. Rb3 Bxd4 29. Nxd4 Rxd4 0-1

[Event "NCL978 BCM-NW Eagles"]
[Site "Rd3"]
[Date "1997.11.22"]
[Round "3.6"]
[White "Sheldon, Ruth"]
[Black "Wall, Tim"]
[Result "0-1"]
[WhiteElo "2295"]
[BlackElo "2375"]
[PlyCount "56"]
[EventDate "1997.11.22"]
[Source "4NCL"]
[SourceDate "1998.01.01"]

1. d4 d6 2. Nf3 f5 3. g3 Nf6 4. Bg2 g6 5. O-O Bg7 6. c4 O-O 7. Nc3 Nc6 8. d5
Ne5 9. Qc2 Nxc4 10. Nb5 a6 11. Qxc4 axb5 12. Qxb5 Ne4 13. Be3 e5 14. dxe6 c6
15. Qc4 Qe7 16. Nd4 d5 17. Qc2 Bxe6 18. a4 Bf7 19. Nb3 Rfe8 20. Bd4 Qb4 21.
Bxg7 Kxg7 22. Nc1 Qc4 23. Qd1 Nc5 24. Ra3 Qb4 25. Nd3 Nxd3 26. Qxd3 Rxa4 27.
Rb3 Qe7 28. Qc3+ d4 0-1

[Event "NCL978 BCM-NW Eagles"]
[Site "Rd3"]
[Date "1997.11.22"]
[Round "3.7"]
[White "Lyell, Mark"]
[Black "Merriman, John"]
[Result "0-1"]
[WhiteElo "2235"]
[BlackElo "2255"]
[PlyCount "64"]
[EventDate "1997.11.22"]
[Source "4NCL"]
[SourceDate "1998.01.01"]

1. e4 e6 2. d4 d5 3. e5 c5 4. c3 Nc6 5. Nf3 Qb6 6. a3 a5 7. Bd3 Bd7 8. O-O cxd4
9. cxd4 Nxd4 10. Nxd4 Qxd4 11. Nc3 Qb6 12. Qg4 f5 13. exf6 Nxf6 14. Qh4 Be7 15.
Be3 Qd8 16. Bg6+ Kf8 17. Rfe1 Rc8 18. Bd3 e5 19. Bg5 e4 20. Bf1 Bc6 21. Rad1
Rc7 22. Ne2 Kf7 23. Nf4 Rd7 24. g3 Rd6 25. Bh3 Nd7 26. Bxe7 Qxe7 27. Qh5+ g6
28. Qh6 Ne5 29. Bg2 g5 30. Qh5+ Kg7 31. Bxe4 Rh6 32. Ne6+ Rxe6 0-1

[Event "NCL978 BCM-NW Eagles"]
[Site "Rd3"]
[Date "1997.11.22"]
[Round "3.8"]
[White "Ilecki, Wojtech"]
[Black "Bellin, Jana"]
[Result "1-0"]
[WhiteElo "2150"]
[BlackElo "2175"]
[PlyCount "83"]
[EventDate "1997.11.22"]
[Source "4NCL"]
[SourceDate "1998.01.01"]

1. e4 c6 2. d4 d5 3. e5 Bf5 4. Nc3 e6 5. g4 Bg6 6. Nge2 c5 7. h4 f6 8. Nf4 Bf7
9. exf6 Nxf6 10. Qe2 Qd7 11. g5 cxd4 12. gxf6 dxc3 13. Bh3 Bb4 14. Kf1 gxf6 15.
Bxe6 Bxe6 16. Nxe6 Nc6 17. bxc3 Bxc3 18. Rb1 Ne5 19. Qh5+ Ng6 20. Qxd5 Qxd5 21.
Nc7+ Kd7 22. Nxd5 Be5 23. f4 Bd6 24. h5 Ne7 25. Nxe7 Kxe7 26. Rxb7+ Ke6 27. Rh2
a5 28. Re2+ Kf5 29. Rb5+ Kg4 30. Re6 Bb4 31. Rxf6 Rhd8 32. Ke2 Rac8 33. Rg5+
Kh4 34. Kf3 Rxc2 35. Be3 Rd3 36. Re6 Rxa2 37. Rg4+ Kh3 38. f5 a4 39. f6 a3 40.
Rxb4 Rb2 41. Rxb2 axb2 42. Rb6 1-0

[Event "NCL978 Invicta Kts-Northumbria"]
[Site "Rd3"]
[Date "1997.11.22"]
[Round "3.3"]
[White "McDonald, Neil"]
[Black "Pert, Nicholas"]
[Result "1-0"]
[WhiteElo "2490"]
[BlackElo "2240"]
[PlyCount "93"]
[EventDate "1997.11.22"]
[Source "4NCL"]
[SourceDate "1998.01.01"]

1. e4 e6 2. d4 d5 3. Nc3 Bb4 4. e5 c5 5. a3 Bxc3+ 6. bxc3 Ne7 7. Qg4 Kf8 8. a4
b6 9. Nf3 Ba6 10. Bd3 Bxd3 11. cxd3 Nd7 12. O-O h6 13. Ba3 Kg8 14. Rfe1 Rc8 15.
c4 Nf8 16. dxc5 bxc5 17. Rab1 Qa5 18. Rb5 Qxa4 19. Bxc5 Nfg6 20. Bxe7 Nxe7 21.
Rb7 Nf5 22. Nd4 Nxd4 23. Qxd4 dxc4 24. Rxa7 Qc6 25. Qf4 Rc7 26. Rxc7 Qxc7 27.
dxc4 Kh7 28. Qe4+ g6 29. h4 Rc8 30. Rc1 Qe7 31. h5 Qg5 32. hxg6+ Qxg6 33. Qf3
Kg7 34. Qe3 Qg5 35. f4 Qd8 36. Qf2 Qd3 37. c5 Qd5 38. Kh2 Kh7 39. Rc3 Rc6 40.
Qh4 Qe4 41. Rh3 Qg6 42. Rg3 Qf5 43. Qd8 Qh5+ 44. Kg1 Rc8 45. Qxc8 Qd1+ 46. Kh2
Qh5+ 47. Rh3 1-0

[Event "NCL978 Invicta Kts-Northumbria"]
[Site "Rd3"]
[Date "1997.11.22"]
[Round "3.4"]
[White "Richardson, John"]
[Black "Ledger, Andrew"]
[Result "1/2-1/2"]
[WhiteElo "2260"]
[BlackElo "2415"]
[PlyCount "72"]
[EventDate "1997.11.22"]
[Source "4NCL"]
[SourceDate "1998.01.01"]

1. d4 d5 2. c4 c6 3. Nf3 Nf6 4. Nc3 dxc4 5. a4 Na6 6. e3 Be6 7. Ne5 c5 8. a5
cxd4 9. exd4 Rc8 10. Qa4+ Nd7 11. Be3 Nc7 12. a6 Nxa6 13. d5 Bf5 14. Bxc4 Nac5
15. Bxc5 Rxc5 16. Qxa7 e6 17. Qxb7 Nxe5 18. Bb5+ Rxb5 19. Qxb5+ Ke7 20. O-O Kf6
21. Rfd1 Qc7 22. dxe6 fxe6 23. Ra6 Qc5 24. Qe8 Qxf2+ 25. Kh1 Ng4 26. Ne4+ Bxe4
27. Qxe6+ Kg5 28. Qxe4 {#} Nf6 29. Ra5+ Kh6 30. Qe5 g6 31. Rda1 Rg8 32. Qb5 Bd6
33. Qg5+ Kg7 34. Ra7+ Kh8 35. Rf7 Qxb2 36. Qxf6+ Qxf6 1/2-1/2

[Event "NCL978 Invicta Kts-Northumbria"]
[Site "Rd3"]
[Date "1997.11.22"]
[Round "3.5"]
[White "Gormally, Danny"]
[Black "Pert, Richard"]
[Result "1/2-1/2"]
[WhiteElo "2425"]
[BlackElo "2230"]
[PlyCount "56"]
[EventDate "1997.11.22"]
[Source "4NCL"]
[SourceDate "1998.01.01"]

1. d4 d5 2. c4 e6 3. Nc3 Nf6 4. Nf3 c6 5. Bg5 Nbd7 6. e3 Qa5 7. Nd2 Bb4 8. Qc2
Ne4 9. Ndxe4 dxe4 10. Bh4 O-O 11. Be2 e5 12. O-O f5 13. Qb3 exd4 14. exd4 Bxc3
15. bxc3 c5 16. f3 e3 17. f4 Re8 18. Bh5 g6 19. Bf3 Qc7 20. Rae1 Kg7 21. Bg3
Nb6 22. Qb5 Be6 23. Qxc5 Qxc5 24. dxc5 Nxc4 25. Re2 Nd2 26. Rfe1 Nxf3+ 27. gxf3
Kf7 28. a3 Rac8 1/2-1/2

[Event "NCL978 Invicta Kts-Northumbria"]
[Site "Rd3"]
[Date "1997.11.22"]
[Round "3.6"]
[White "Ledger, Stephen"]
[Black "Vigus, James"]
[Result "0-1"]
[WhiteElo "2230"]
[BlackElo "2255"]
[PlyCount "82"]
[EventDate "1997.11.22"]
[Source "4NCL"]
[SourceDate "1998.01.01"]

1. d4 d5 2. Nf3 Nf6 3. Bf4 c5 4. c3 Qb6 5. Qb3 c4 6. Qxb6 axb6 7. Na3 Nc6 8.
Nb5 Ra5 9. a4 Bf5 10. Bc7 Bc2 11. Bxb6 Rxa4 12. Rxa4 Bxa4 13. Nc7+ Kd7 14. Ne5+
Nxe5 15. dxe5 Ng8 16. e4 Kc6 17. Na8 e6 18. Be2 Bc5 19. exd5+ exd5 20. Bxc5
Kxc5 21. Nc7 Ne7 22. O-O Kc6 23. Nxd5 Kxd5 24. f4 b5 25. g4 Nc6 26. Bf3+ Kc5
27. Re1 Rd8 28. Kf2 Rd2+ 29. Kg3 Rxb2 30. f5 b4 31. cxb4+ Kxb4 32. g5 Rb3 33.
Kf4 c3 34. Bd1 Ra3 35. Re4+ Ka5 36. Rc4 Bxd1 37. Rxc6 c2 38. f6 gxf6 39. gxf6
Kb4 40. Rc7 Rf3+ 41. Ke4 Rc3 0-1

[Event "NCL978 Invicta Kts-Northumbria"]
[Site "Rd3"]
[Date "1997.11.22"]
[Round "3.7"]
[White "Dickenson, Neil"]
[Black "Dighton, Simon"]
[Result "1-0"]
[WhiteElo "2310"]
[BlackElo "2128"]
[PlyCount "77"]
[EventDate "1997.11.22"]
[Source "4NCL"]
[SourceDate "1998.01.01"]

1. d4 Nf6 2. c4 e6 3. Nf3 d5 4. Nc3 Bb4 5. cxd5 exd5 6. Bg5 h6 7. Bh4 g5 8. Bg3
Ne4 9. Rc1 h5 10. Qa4+ Nc6 11. Ne5 Bd7 12. Qb3 Bxc3+ 13. bxc3 Nxg3 14. Nxc6
Bxc6 15. hxg3 Qf6 16. e4 dxe4 17. d5 Bd7 18. Qxb7 O-O 19. Qxc7 e3 20. f4 Bg4
21. Bd3 Rfe8 22. Bb5 Rac8 23. Qxa7 Rxc3 24. O-O Rxc1 25. Rxc1 Re4 26. Bd3 Rd4
27. Rc6 Qxc6 28. dxc6 Rxd3 29. Qb8+ Kg7 30. Qe5+ Kf8 31. c7 Rd1+ 32. Kh2 e2 33.
c8=Q+ Bxc8 34. Qxe2 Bg4 35. Qb2 gxf4 36. gxf4 Rd5 37. a4 Bd1 38. a5 Rxa5 39.
Qb4+ 1-0

[Event "NCL978 Invicta Kts-Northumbria"]
[Site "Rd3"]
[Date "1997.11.22"]
[Round "3.8"]
[White "Ford, Elise"]
[Black "Richards, Heather"]
[Result "0-1"]
[WhiteElo "1704"]
[BlackElo "1880"]
[PlyCount "88"]
[EventDate "1997.11.22"]
[Source "4NCL"]
[SourceDate "1998.01.01"]

1. e4 e6 2. Nc3 d5 3. d4 Nf6 4. exd5 exd5 5. Bg5 Bb4 6. Qf3 Nbd7 7. O-O-O Bxc3
8. Qxc3 O-O 9. Qg3 Ne4 10. Bxd8 Nxg3 11. hxg3 Rxd8 12. Bd3 Nf6 13. Nf3 h6 14.
Rde1 Be6 15. Ne5 b6 16. Ba6 Rd6 17. Bb7 Rb8 18. Bc6 b5 19. f3 Nh7 20. c4 bxc4
21. Ba4 Ra6 22. b3 Nf6 23. g4 Rb4 24. Nc6 Rbxa4 25. bxa4 Rxc6 26. Re2 Ra6 27.
Rb2 Nd7 28. Rb7 Rxa4 29. Kb2 c5 30. g5 Kh7 31. gxh6 gxh6 32. g4 Kg6 33. f4 f5
34. gxf5+ Bxf5 35. dxc5 Nxc5 36. Rg1+ Kf6 37. Rb8 Nd3+ 38. Ka1 Nb4 39. Rf8+ Ke6
40. Re1+ Be4 41. f5+ Ke7 42. Rxe4+ dxe4 43. Rc8 Rxa2+ 44. Kb1 Rc2 0-1

[Event "NCL978 Barbican-Invicta Kts"]
[Site "Rd4"]
[Date "1997.11.23"]
[Round "4.3"]
[White "Kopec, Danny"]
[Black "McDonald, Neil"]
[Result "1/2-1/2"]
[WhiteElo "2405"]
[BlackElo "2490"]
[PlyCount "100"]
[EventDate "1997.11.23"]
[Source "4NCL"]
[SourceDate "1998.01.01"]

1. e4 e6 2. d4 d5 3. Nd2 Nf6 4. e5 Nfd7 5. f4 c5 6. c3 Nc6 7. Ndf3 Be7 8. Bd3
cxd4 9. cxd4 f5 10. exf6 Nxf6 11. Ne2 Qa5+ 12. Bd2 Qb6 13. Bc3 O-O 14. O-O Bd7
15. Kh1 Bd6 16. Qd2 Nb4 17. Bb1 Ne4 18. Qe3 Bb5 19. a3 Bxe2 20. Qxe2 Qa6 21.
Qxa6 Nxa6 22. Bxe4 dxe4 23. Ng5 Nc7 24. g3 e3 25. Rfe1 Nd5 26. Nxe6 Rfe8 27. f5
Rac8 28. Rec1 g6 29. g4 gxf5 30. gxf5 Kf7 31. Be1 Kf6 32. Bh4+ Kxf5 33. Ng7+
Ke4 34. Nxe8 Rxe8 35. Rg1 Rc8 36. Rac1 Rxc1 37. Rxc1 Nf4 38. Rc8 e2 39. Re8+
Kf3 40. Bg3 b5 41. Rd8 Be7 42. Rd7 Bf6 43. Rf7 Nd5 44. Rd7 Ke4 45. Rxa7 Bxd4
46. Rb7 Be5 47. Bh4 Bxb2 48. Rxb5 Bxa3 49. Kg2 Nf4+ 50. Kf2 e1=Q+ 1/2-1/2

[Event "NCL978 Barbican-Invicta Kts"]
[Site "Rd4"]
[Date "1997.11.23"]
[Round "4.4"]
[White "Kumaran, Dharshan"]
[Black "Bowden, Karl"]
[Result "1/2-1/2"]
[WhiteElo "2500"]
[BlackElo "2355"]
[PlyCount "59"]
[EventDate "1997.11.23"]
[Source "4NCL"]
[SourceDate "1998.01.01"]

1. d4 Nf6 2. c4 d6 3. Nc3 Nbd7 4. e4 e5 5. Nf3 Be7 6. Be2 O-O 7. O-O c6 8. Qc2
a6 9. Rd1 Qc7 10. Bg5 Re8 11. h3 b5 12. cxb5 cxb5 13. Rac1 h6 14. Be3 Bb7 15.
Qb1 Qb8 16. a3 Bf8 17. d5 Bc8 18. Nd2 Be7 19. Na2 Nc5 20. b4 Na4 21. Nb3 Bd7
22. Na5 Rc8 23. Rxc8+ Qxc8 24. Rc1 Qe8 25. Nc6 Rc8 26. Nxe7+ Qxe7 27. Rxc8+
Bxc8 28. Qc2 Bd7 29. Nc1 Qd8 30. Nb3 1/2-1/2

[Event "NCL978 Barbican-Invicta Kts"]
[Site "Rd4"]
[Date "1997.11.23"]
[Round "4.5"]
[White "Dishman, Stephen"]
[Black "Gormally, Danny"]
[Result "1/2-1/2"]
[WhiteElo "2325"]
[BlackElo "2425"]
[PlyCount "81"]
[EventDate "1997.11.23"]
[Source "4NCL"]
[SourceDate "1998.01.01"]

1. d4 e6 2. Nf3 d5 3. Bg5 Nf6 4. e3 Nbd7 5. Nbd2 Be7 6. Bd3 c5 7. c3 O-O 8. Ne5
Nxe5 9. dxe5 Nd7 10. Bf4 b6 11. Qh5 g6 12. Qh6 Re8 13. Nf3 Bf8 14. Qh3 Bg7 15.
Qg3 Bb7 16. h4 d4 17. exd4 cxd4 18. Nxd4 Qc7 19. Nb5 Qc6 20. Nd6 Qxg2 21. Qxg2
Bxg2 22. Rg1 Bc6 23. Nxe8 Rxe8 24. O-O-O Nxe5 25. Bxe5 Bxe5 26. Rge1 Bf4+ 27.
Kc2 f5 28. Kb3 Kf7 29. a4 Re7 30. Bc4 Bc7 31. Bb5 Bd5+ 32. Bc4 Bc6 33. Ka3 Kf6
34. b4 h6 35. Bb5 Bd5 36. c4 Bb7 37. c5 bxc5 38. bxc5 Bd5 39. Kb4 a5+ 40. Ka3
Be5 41. Rc1 1/2-1/2

[Event "NCL978 Barbican-Invicta Kts"]
[Site "Rd4"]
[Date "1997.11.23"]
[Round "4.6"]
[White "Ledger, Andrew"]
[Black "Duncan, Chris"]
[Result "1-0"]
[WhiteElo "2415"]
[BlackElo "2325"]
[PlyCount "61"]
[EventDate "1997.11.23"]
[Source "4NCL"]
[SourceDate "1998.01.01"]

1. d4 d5 2. Nf3 Nf6 3. Bg5 Ne4 4. Bf4 c5 5. dxc5 Nc6 6. Nbd2 Nxc5 7. c4 e6 8.
e3 Be7 9. Be2 O-O 10. Rb1 b6 11. O-O a5 12. cxd5 exd5 13. Nb3 Ne6 14. Bg3 Bf6
15. Rc1 Bb7 16. Nbd4 Ncxd4 17. exd4 Rc8 18. Qa4 Re8 19. Bb5 Rf8 20. h3 Qe7 21.
a3 h6 22. Rcd1 Rfd8 23. Rfe1 Qf8 24. Qb3 Kh8 25. Be5 Be7 26. Bf1 Rc6 27. Rc1
Rxc1 28. Rxc1 Bg5 29. Nxg5 Nxg5 30. Qxb6 Bc8 31. Qxh6+ 1-0

[Event "NCL978 Barbican-Invicta Kts"]
[Site "Rd4"]
[Date "1997.11.23"]
[Round "4.7"]
[White "Rogers, Jonathan"]
[Black "Vigus, James"]
[Result "1/2-1/2"]
[WhiteElo "2335"]
[BlackElo "2255"]
[PlyCount "47"]
[EventDate "1997.11.23"]
[Source "4NCL"]
[SourceDate "1998.01.01"]

1. d4 d5 2. Nf3 Nf6 3. g3 c6 4. Bg2 Bf5 5. O-O e6 6. Nbd2 Bd6 7. Nh4 Bg6 8. c4
Nbd7 9. Qb3 Qb6 10. c5 Qxb3 11. axb3 Bc7 12. Nxg6 hxg6 13. b4 a6 14. Nb3 O-O-O
15. Ra3 Ng4 16. h3 Nh6 17. Bd2 Rde8 18. b5 axb5 19. Rfa1 Nb8 20. Ra7 Na6 21.
Ba5 Bb8 22. Ra8 Nc7 23. Bxc7 Kxc7 24. e3 1/2-1/2

[Event "NCL978 Barbican-Invicta Kts"]
[Site "Rd4"]
[Date "1997.11.23"]
[Round "4.8"]
[White "Richards, Heather"]
[Black "Lauterbach, Ingrid"]
[Result "1-0"]
[WhiteElo "1880"]
[BlackElo "2165"]
[PlyCount "59"]
[EventDate "1997.11.23"]
[Source "4NCL"]
[SourceDate "1998.01.01"]

1. e4 d6 2. d4 Nf6 3. Nc3 g6 4. f4 Bg7 5. Nf3 c5 6. Bb5+ Bd7 7. e5 Ng4 8. Bxd7+
Qxd7 9. d5 Na6 10. O-O Nc7 11. h3 Nh6 12. Be3 b6 13. Qd3 Nf5 14. Bf2 h5 15. Qe4
Rd8 16. Rad1 e6 17. dxe6 Qxe6 18. Ng5 Qe7 19. exd6 Rxd6 20. Rxd6 Nxd6 21. Qc6+
Qd7 22. Re1+ Ne6 23. Qa8+ Nc8 24. Rd1 Nd4 25. Re1+ Kf8 26. Nd5 Nxc2 27. Re7 Qf5
28. Rxf7+ Qxf7 29. Nxf7 Kxf7 30. Qb7+ 1-0

[Event "NCL978 BCM-Wood Green"]
[Site "Rd4"]
[Date "1997.11.23"]
[Round "4.1"]
[White "Rogers, Ian"]
[Black "Ward, Chris"]
[Result "1/2-1/2"]
[WhiteElo "2570"]
[BlackElo "2505"]
[PlyCount "81"]
[EventDate "1997.11.23"]
[Source "4NCL"]
[SourceDate "1998.01.01"]

1. d4 Nf6 2. c4 e6 3. Nc3 Bb4 4. Qc2 d5 5. a3 Bxc3+ 6. Qxc3 Ne4 7. Qc2 c5 8.
dxc5 Nc6 9. cxd5 exd5 10. Nf3 Bf5 11. b4 O-O 12. Bb2 b6 13. b5 bxc5 14. bxc6
Qa5+ 15. Nd2 Rab8 16. c7 Qxc7 17. Nxe4 Bxe4 18. Qd2 d4 19. f3 Bg6 20. e4 dxe3
21. Qc3 Rxb2 22. Qxb2 Rb8 23. Bb5 Qa5+ 24. Kf1 Rxb5 25. Qe5 h6 26. Qxe3 Rb2 27.
h4 c4 28. Kg1 Bd3 29. Rh3 Re2 30. Qd4 Qc7 31. Rc1 h5 32. Rd1 Qb6 33. Qxb6 axb6
34. Rc1 Ra2 35. Rc3 b5 36. g4 hxg4 37. fxg4 f6 38. Rh2 Ra1+ 39. Kf2 Kf7 40. Ke3
Rg1 41. Kf4 1/2-1/2

[Event "NCL978 BCM-Wood Green"]
[Site "Rd4"]
[Date "1997.11.23"]
[Round "4.2"]
[White "Emms, John"]
[Black "Mestel, Jonathan"]
[Result "1-0"]
[WhiteElo "2530"]
[BlackElo "2500"]
[PlyCount "71"]
[EventDate "1997.11.23"]
[Source "4NCL"]
[SourceDate "1998.01.01"]

1. e4 c5 2. c3 Nf6 3. e5 Nd5 4. Nf3 d6 5. d4 cxd4 6. cxd4 e6 7. Bc4 Be7 8. O-O
O-O 9. Qe2 Nc6 10. exd6 Qxd6 11. Nc3 Nxc3 12. bxc3 Bf6 13. Re1 Qc7 14. Ng5 g6
15. Qf3 Bg7 16. Bb3 Na5 17. Ne4 Kh8 18. Bf4 Qc6 19. Bd6 Rd8 20. Be7 Nxb3 21.
axb3 Rd5 22. Qxf7 Bd7 23. Bf6 Rg8 24. Bxg7+ Rxg7 25. Qf8+ Rg8 26. Qf6+ Rg7 27.
Rxa7 Rf5 28. Ra8+ Bc8 29. Qd8+ Rg8 30. Qe7 Rg7 31. Qd6 Rc7 32. c4 Kg7 33. h3 b6
34. Rb8 Bb7 35. Qxc6 Bxc6 36. Rxb6 1-0

[Event "NCL978 BCM-Wood Green"]
[Site "Rd4"]
[Date "1997.11.23"]
[Round "4.3"]
[White "Chandler, Murray"]
[Black "Arakhamia, Ketevan"]
[Result "1-0"]
[WhiteElo "2555"]
[BlackElo "2430"]
[PlyCount "55"]
[EventDate "1997.11.23"]
[Source "4NCL"]
[SourceDate "1998.01.01"]

1. e4 c5 2. Nf3 e6 3. d4 cxd4 4. Nxd4 Nf6 5. Nc3 d6 6. g4 Nc6 7. g5 Nd7 8. Ndb5
Nb6 9. Bf4 Ne5 10. Qh5 g6 11. Qh3 Nec4 12. Bxc4 Nxc4 13. Qd3 Nxb2 14. Qd4 e5
15. Bxe5 dxe5 16. Qxe5+ Be6 17. O-O Rc8 18. Rfd1 Nxd1 19. Rxd1 Qxd1+ 20. Nxd1
Rg8 21. Ne3 a6 22. Nd6+ Bxd6 23. Qxd6 Rf8 24. f4 Rd8 25. Qb6 Rd7 26. a4 Rg8 27.
h4 Kf8 28. f5 1-0

[Event "NCL978 BCM-Wood Green"]
[Site "Rd4"]
[Date "1997.11.23"]
[Round "4.4"]
[White "Levitt, Jon"]
[Black "Bellin, Robert"]
[Result "1-0"]
[WhiteElo "2440"]
[BlackElo "2400"]
[PlyCount "91"]
[EventDate "1997.11.23"]
[Source "4NCL"]
[SourceDate "1998.01.01"]

1. d4 Nf6 2. c4 e6 3. Nc3 Bb4 4. e3 O-O 5. Bd3 d5 6. a3 Bxc3+ 7. bxc3 dxc4 8.
Bxc4 c5 9. Nf3 Qc7 10. Ba2 b6 11. O-O Bb7 12. Ne5 Nc6 13. Nxc6 Qxc6 14. f3 Nd5
15. Qd3 cxd4 16. cxd4 Qc3 17. Bb1 f5 18. Qxc3 Nxc3 19. Bd3 Rfc8 20. Bd2 Rc7 21.
Rfc1 Rac8 22. h4 b5 23. Kf2 a6 24. Ke1 Na4 25. Rxc7 Rxc7 26. Rc1 Rxc1+ 27. Bxc1
Bd5 28. Kf2 Kf7 29. e4 fxe4 30. fxe4 Bc4 31. Bc2 Nb6 32. Bd2 Nc8 33. Ke3 Ne7
34. Bd3 Bxd3 35. Kxd3 Ke8 36. Bb4 Ng8 37. d5 exd5 38. exd5 Kd7 39. Kd4 Nf6 40.
Ke5 Kc7 41. d6+ Kb7 42. Ba5 h5 43. Bb4 Nd7+ 44. Kd4 Nb6 45. Bc3 g6 46. Ke5 {
(Only one scoresheet, unreadable from here)} 1-0

[Event "NCL978 BCM-Wood Green"]
[Site "Rd4"]
[Date "1997.11.23"]
[Round "4.5"]
[White "Wall, Tim"]
[Black "Littlewood, Paul"]
[Result "0-1"]
[WhiteElo "2375"]
[BlackElo "2435"]
[PlyCount "50"]
[EventDate "1997.11.23"]
[Source "4NCL"]
[SourceDate "1998.01.01"]

1. d4 Nf6 2. c4 g6 3. Nc3 Bg7 4. e4 d6 5. f4 O-O 6. Nf3 c5 7. d5 e6 8. dxe6
fxe6 9. Bd3 Nc6 10. O-O a6 11. Kh1 Rb8 12. Bd2 b5 13. cxb5 axb5 14. Bxb5 Nd4
15. a4 Nxb5 16. axb5 d5 17. Ne5 Bb7 18. exd5 exd5 19. b4 d4 20. Qb3+ Kh8 21.
Na4 Ne4 22. Qd3 Bxe5 23. fxe5 Nf2+ 24. Rxf2 Rxf2 25. Rg1 c4 0-1

[Event "NCL978 BCM-Wood Green"]
[Site "Rd4"]
[Date "1997.11.23"]
[Round "4.6"]
[White "Pein, Malcolm"]
[Black "Giddins, Steve"]
[Result "1/2-1/2"]
[WhiteElo "2430"]
[BlackElo "2375"]
[PlyCount "51"]
[EventDate "1997.11.23"]
[Source "4NCL"]
[SourceDate "1998.01.01"]

1. Nf3 Nf6 2. d4 e6 3. c4 b6 4. g3 Bb4+ 5. Bd2 Be7 6. Bg2 c6 7. b4 d5 8. cxd5
cxd5 9. O-O O-O 10. Qb3 Ne4 11. Rc1 Bb7 12. Be1 b5 13. Ne5 Nd7 14. Nd3 Nb6 15.
Nc5 Nd6 16. Nc3 Bc6 17. f3 Nf5 18. Bf2 Bg5 19. f4 Bf6 20. Qd1 Nc4 21. Qd3 a5
22. a4 Nb2 23. Qd2 Nc4 24. Qd3 Nb2 25. Qd2 Nc4 26. Qd3 1/2-1/2

[Event "NCL978 BCM-Wood Green"]
[Site "Rd4"]
[Date "1997.11.23"]
[Round "4.7"]
[White "Lyell, Mark"]
[Black "Sowray, Peter"]
[Result "1-0"]
[WhiteElo "2235"]
[BlackElo "2350"]
[PlyCount "81"]
[EventDate "1997.11.23"]
[Source "4NCL"]
[SourceDate "1998.01.01"]

1. e4 Nf6 2. Nc3 d6 3. d4 g6 4. Nf3 Bg7 5. Be2 O-O 6. O-O Bg4 7. Be3 Nc6 8. Qd2
e5 9. d5 Ne7 10. Rad1 Bd7 11. Qe1 Qb8 12. Bc1 b5 13. a3 c6 14. dxc6 Bxc6 15.
Bd3 d5 16. exd5 Nfxd5 17. Nxd5 Nxd5 18. Be4 Qb7 19. Nxe5 Bxe5 20. Bxd5 Bxh2+
21. Kxh2 Bxd5 22. f3 Bc4 23. Rh1 Rfe8 24. Qh4 Re2 25. Rd8+ Rxd8 26. Qxd8+ Kg7
27. b3 Qxf3 28. Bh6+ Kxh6 29. Kg1+ Qh5 30. Qf8+ Kg5 31. Rxh5+ Kxh5 32. bxc4
bxc4 33. Qxf7 Rxc2 34. Qxh7+ Kg5 35. Qxa7 c3 36. Qc5+ Kf4 37. Qd4+ Kg5 38. Kh2
Kh6 39. Kg3 Kh7 40. Qd7+ Kh6 41. Qd1 1-0

[Event "NCL978 BCM-Wood Green"]
[Site "Rd4"]
[Date "1997.11.23"]
[Round "4.8"]
[White "Law, Andrew"]
[Black "Bellin, Jana"]
[Result "1/2-1/2"]
[WhiteElo "2330"]
[BlackElo "2175"]
[PlyCount "80"]
[EventDate "1997.11.23"]
[Source "4NCL"]
[SourceDate "1998.01.01"]

1. d4 Nf6 2. c4 e6 3. Nc3 Bb4 4. Bg5 b6 5. f3 c5 6. e3 O-O 7. Bd3 cxd4 8. exd4
d5 9. cxd5 exd5 10. Nge2 Ba6 11. O-O Bxd3 12. Qxd3 Bxc3 13. Nxc3 Nc6 14. Rad1
Qd6 15. Bxf6 gxf6 16. Qf5 Ne7 17. Qh5 Rad8 18. f4 f5 19. Rd3 Kh8 20. Re1 Qg6
21. Qh4 Ng8 22. Re5 f6 23. Rxd5 Ne7 24. Rxd8 Rxd8 25. d5 Qf7 26. Qf2 Nc8 27.
Re3 Ne7 28. Rd3 Nc8 29. Qd4 Nd6 30. Re3 Re8 31. Rxe8+ Nxe8 32. h3 Nd6 33. Kh2
Kg7 34. Qa4 Qe7 35. Qc6 h5 36. a4 h4 37. Nb5 Qe3 38. Qxd6 Qg3+ 39. Kg1 Qe1+ 40.
Kh2 Qg3+ 1/2-1/2

[Event "NCL978 NW Eagles-Bristol"]
[Site "Rd4"]
[Date "1997.11.23"]
[Round "4.1"]
[White "Quillan, Gary"]
[Black "Ansell, Simon"]
[Result "1-0"]
[WhiteElo "2320"]
[BlackElo "2390"]
[PlyCount "23"]
[EventDate "1997.11.23"]
[Source "4NCL"]
[SourceDate "1998.01.01"]

1. e4 c5 2. Nf3 g6 3. c4 Bg7 4. d4 Nc6 5. d5 Nd4 6. Bd3 e5 7. O-O d6 8. Nxd4
cxd4 9. f4 Nf6 10. fxe5 dxe5 11. Bg5 h6 12. Bxf6 1-0

[Event "NCL978 NW Eagles-Bristol"]
[Site "Rd4"]
[Date "1997.11.23"]
[Round "4.2"]
[White "Buckley, Graeme"]
[Black "Lund, Brett"]
[Result "0-1"]
[WhiteElo "2380"]
[BlackElo "2285"]
[PlyCount "118"]
[EventDate "1997.11.23"]
[Source "4NCL"]
[SourceDate "1998.01.01"]

1. d4 f5 2. Bg5 g6 3. Nc3 Bg7 4. Qd3 c5 5. g4 cxd4 6. Nb5 d5 7. O-O-O h6 8. Bd2
Qb6 9. Nf3 a6 10. Na3 e5 11. Nh4 Qf6 12. Ng2 fxg4 13. e3 Nc6 14. exd4 Nxd4 15.
c3 Bf5 16. Qg3 Nf3 17. Ne3 Ne7 18. Nxg4 Bxg4 19. Qxg4 Nxd2 20. Rxd2 h5 21. Qa4+
b5 22. Bxb5+ Kf7 23. Be2 Bh6 24. f4 Bxf4 25. Rf1 Bxd2+ 26. Kxd2 Nf5 27. Qd7+
Kf8 28. Nc2 Rd8 29. Qa7 Kg8 30. Qxa6 Qxa6 31. Bxa6 Rh7 32. a4 d4 33. Bc4+ Kh8
34. cxd4 Nxd4 35. Nxd4 Rxd4+ 36. Kc3 Rc7 37. b3 Kg7 38. Rf2 Rf4 39. Re2 Kf6 40.
a5 g5 41. Kb4 g4 42. a6 e4 43. Kb5 Ke5 44. Ra2 Rc8 45. a7 Rff8 46. Kb6 Rf6+ 47.
Kb7 Rh8 48. Ra5+ Kf4 49. a8=N h4 50. Nc7 Rh7 51. Ra8 g3 52. hxg3+ hxg3 53. Rg8
Rd6 54. Bb5 e3 55. b4 Kf3 56. Rf8+ Kg4 57. Be2+ Kh3 58. Rg8 Kh2 59. b5 g2 0-1